000 01050cam a2200277 a 4500
999 _c342344
_d342344
001 15331789
003 NUST
005 20171221121627.0
008 080616s2009 nyub 000 0 eng
010 _a 2008026423
020 _a9780767923057
040 _aDLC
_cDLC
_dDLC
050 0 0 _aJZ1305
_b.F75 2009
082 0 0 _a303.49
_bFRI
100 1 _aFriedman, George.
_97495
245 1 4 _aThe next 100 years :
_ba forecast for the 21st century /
_cGeorge Friedman.
246 3 0 _aNext hundred years
250 _a1st ed.
260 _aNew York :
_bDoubleday,
_c2009.
300 _axii, 253 p. :
_bmaps ;
_c25 cm.
650 0 _aInternational relations
_xHistory
_y21st century.
_97496
650 0 _aTwenty-first century
_vForecasts.
_97497
650 0 _aWorld politics
_y21st century
_xForecasting.
_97498
650 0 _aInternational relations
_xForecasting.
_97499
906 _a7
_bcbc
_corignew
_d1
_eecip
_f20
_gy-gencatlg
942 _2ddc
_cBK